000098913 001__ 98913
000098913 005__ 20210211114122.0
000098913 037__ $$aTAZ-TFG-2020-1205
000098913 041__ $$aspa
000098913 1001_ $$aLópez Esteban, José Luis
000098913 24200 $$aRecognition of States: The transnistrian case
000098913 24500 $$aReconocimiento de Estados: El caso transnistrio
000098913 260__ $$aZaragoza$$bUniversidad de Zaragoza$$c2020
000098913 506__ $$aby-nc-sa$$bCreative Commons$$c3.0$$uhttp://creativecommons.org/licenses/by-nc-sa/3.0/
000098913 520__ $$aA lo largo del presente estudio se va a realizar un análisis del concepto de reconocimiento de Estados. En primer lugar se incidirá en la teoría general acerca del reconocimiento para tener una idea global del tema. A través de ella se dará a conocer los elementos esenciales del Estado, la idea del reconocimiento de Estados, los límites respecto de su discrecionalidad, las dos corrientes teóricas acerca del concepto, sus grados y sus formas. Posteriormente se aplicará dicha teoría al caso práctico de Transnistria, dando a conocer también una serie de datos acerca de esta pequeña región, las causas que motivaron su conflicto con la República de Moldavia y la situación en la que se encuentra actualmente el conflicto, con especial atención a su encuadre en el Derecho Internacional.<br /><br />
000098913 521__ $$aPrograma conjunto en ADE/DERECHO (Grados)
000098913 540__ $$aDerechos regulados por licencia Creative Commons
000098913 700__ $$aSalinas Alcega, Sergio$$edir.
000098913 7102_ $$aUniversidad de Zaragoza$$bDerecho Público$$cDer. Internacional Público y RR. Internacionales
000098913 8560_ $$f696845@unizar.es
000098913 8564_ $$s661714$$uhttps://zaguan.unizar.es/record/98913/files/TAZ-TFG-2020-1205.pdf$$yMemoria (spa)
000098913 909CO $$ooai:zaguan.unizar.es:98913$$pdriver$$ptrabajos-fin-grado
000098913 950__ $$a
000098913 951__ $$adeposita:2021-02-11
000098913 980__ $$aTAZ$$bTFG$$cDER
000098913 999__ $$a20200616180837.CREATION_DATE